Southville International School and Colleges
Your cart is empty.
  • Cart
  • Lists
    Public lists list_1 View all
    Your lists Log in to create your own lists
  • Log in to your account
  • Your cookies
  • Search history
Southville International School and Colleges
  • Advanced search
  • Recent comments
  • Most popular
  • Libraries

Log in to your account

Log in with GOOGLE


If you do not have an external account, but do have a local account, you can still log in:

  1. Home
  2. MARC view: Exceptional children and youth :
Normal view MARC view ISBD view

Exceptional children and youth : (Record no. 22689)

[ view plain ]
MARC details
000 -LEADER
fixed length control field 00589nam a2200205 a 4500
005 - DATE AND TIME OF LATEST TRANSACTION
control field 20140310183428.0
008 - FIXED-LENGTH DATA ELEMENTS--GENERAL INFORMATION
fixed length control field 071127s19uu xx 00 eng d
020 ## - INTERNATIONAL STANDARD BOOK NUMBER
International Standard Book Number 0395904080
050 ## - LIBRARY OF CONGRESS CALL NUMBER
Classification number LC 3981
Item number .H939 1999
100 ## - MAIN ENTRY--PERSONAL NAME
Personal name Hunt, Nancy
245 ## - TITLE STATEMENT
Title Exceptional children and youth :
Remainder of title an introduction to special education. /
250 ## - EDITION STATEMENT
Edition statement 2nd ed.
260 ## - PUBLICATION, DISTRIBUTION, ETC. (IMPRINT)
Place of publication, distribution, etc Boston :
Name of publisher, distributor, etc Houghton Mifflin Company,
Date of publication, distribution, etc 1999.
300 ## - PHYSICAL DESCRIPTION
Extent 510 p. :
Other physical details ill. col. ;
Dimensions 26 cm.
521 ## - TARGET AUDIENCE NOTE
Target audience note
650 ## - SUBJECT ADDED ENTRY--TOPICAL TERM
Topical term or geographic name as entry element Special education.
700 ## - ADDED ENTRY--PERSONAL NAME
Personal name Marshall, Kathleen
942 ## - ADDED ENTRY ELEMENTS (KOHA)
Koha item type Books
Source of classification or shelving scheme Library of Congress Classification
Call number prefix Foreign
Holdings
Withdrawn status Lost status Source of classification or shelving scheme Damaged status Home library Current library Shelving location Date acquired Total Checkouts Total Renewals Full call number Barcode Date last seen Date checked out Copy number Price effective from Koha item type
    Library of Congress Classification   College Library College Library General Circulation Section 11/27/2007 2 17 LC 3981 .H939 1999 C8894 05/15/2018 07/18/2016 1 10/18/2013 Books

Exceptional children and youth :

APA

Hunt N., Marshall K., . (1999). Exceptional children and youth. Boston: Houghton Mifflin Company.

Chicago

Hunt Nancy, Marshall Kathleen, . 1999. Exceptional children and youth. Boston: Houghton Mifflin Company.

Harvard

Hunt N., Marshall K., . (1999). Exceptional children and youth. Boston: Houghton Mifflin Company.

MLA

Hunt Nancy, Marshall Kathleen, . Exceptional children and youth. Boston: Houghton Mifflin Company. 1999.

  • Place hold
  • Print
  • Cite
  • Add to your cart (remove)
  • Save record
    BIBTEX Dublin Core MARCXML MARC (non-Unicode/MARC-8) MARC (Unicode/UTF-8) MARC (Unicode/UTF-8, Standard) MODS (XML) RIS
  • More searches
    Search for this title in:
    Other Libraries (WorldCat) Other Databases (Google Scholar) Online Stores (Bookfinder.com) Open Library (openlibrary.org)

Exporting to Dublin Core...

SOUTHVILLE LIBRARY

Southville International School and Colleges Library

1281 Tropical Ave. Cor. Luxembourg St., BF Homes International, Las Pinas City

Tel. No. 8256374 / 252358 Loc. 117/146

Powered by Koha